Statistics for USA State Capitals

Click here to take the quiz!

General Stats

  • This quiz has been taken 27 times
  • The average score is 44 of 56

Answer Stats

State/TerritoryAnswer% Correct
GeorgiaAtlanta
100%
HawaiiHonolulu
100%
CaliforniaSacramento
100%
New YorkAlbany
96%
TexasAustin
96%
LouisianaBaton Rouge
96%
MassachusettsBoston
96%
ColoradoDenver
96%
AlaskaJuneau
96%
ArizonaPhoenix
96%
UtahSalt Lake City
96%
FloridaTallahassee
96%
United States of AmericaWashington D.C.
96%
MaineAugusta
92%
IdahoBoise
88%
IowaDes Moines
88%
IndianaIndianapolis
88%
MississippiJackson
88%
ArkansasLittle Rock
88%
TennesseeNashville
88%
OklahomaOklahoma City
88%
IllinoisSpringfield
88%
DelawareDover
85%
KentuckyFrankfort
85%
AlabamaMontgomery
85%
VirginiaRichmond
85%
OregonSalem
85%
New MexicoSanta Fe
85%
MarylandAnnapolis
81%
MontanaHelena
81%
MichiganLansing
81%
NebraskaLincoln
81%
WisconsinMadison
81%
WashingtonOlympia
81%
South DakotaPierre
81%
Rhode IslandProvidence
81%
North CarolinaRaleigh
81%
MinnesotaSaint Paul
81%
KansasTopeka
81%
New JerseyTrenton
81%
NevadaCarson City
77%
South CarolinaColumbia
77%
PennsylvaniaHarrisburg
77%
MissouriJefferson City
77%
WyomingCheyenne
73%
New HampshireConcord
73%
ConnecticutHartford
73%
VermontMontpelier
73%
West VirginiaCharleston
69%
North DakotaBismark
65%
Puerto RicoSan Juan
46%
Ohio *sussy state*Colombus
38%
U.S. Virgin IslandsCharlotte Amalie
19%
American SamoaPago Pago
19%
Northern Mariana IslandsSaipan
19%
GuamHagatna
15%

Score Distribution

Percentile by Number Answered

Percent of People with Each Score

Your Score History

You have not taken this quiz